00401nam a2200145Ia 4500003000400000008004100004020000800045040000800053082002400061100003400085245001700119260007800136300001500214500002600229LDD190327s9999 xx 000 0 und d c300 cLDD a8H3.7 भा6442क aभारती, दत्त 0aकलंक aदिल्लीbहिन्द पॉकेट बुक्सc1971 a223पृ. aGifted by : B.N. Kaul